| 000 | 00822nas a2200265 4500 | ||
|---|---|---|---|
| 001 | BR0905679 | ||
| 003 | BR-BrBNA | ||
| 005 | 20231205113726.0 | ||
| 007 | ta | ||
| 008 | 230509b bl.|||p| |||| 00| 00por d | ||
| 040 |
_aBR-BrBNA _bpor _cBiblioteca Nacional de Agricultura |
||
| 041 | _a(Pt) | ||
| 072 | _aF30 | ||
| 100 | 1 | _aMadeira, N.R. | |
| 100 | 1 | _aReifschneider, F.J.B. | |
| 100 | 1 | _aGiordano, L. de B. | |
| 245 | 1 | _aContribuição portuguesa à produção e ao consumo de hortaliças no Brasil: uma revisão histórica | |
| 650 | _aGERMOPLASMA | ||
| 650 | _aVARIEDADE | ||
| 650 | _aIMIGRAÇÃO | ||
| 650 | _aHORTALIÇA | ||
| 773 | 0 |
_tHorticultura Brasileira (Brazil) _xISSN 0102-0536 _g(Oct-Dec 2008), v. 26(4) p. 428-432 _wBR0905679 |
|
| 909 |
_a202311 _bLúcia _c55 _dLúcia Elande |
||
| 942 |
_2AGRIS _n0 _cANA |
||
| 999 |
_c205263 _d205263 |
||